| 000 | 00799nam a2200229Ia 4500 | ||
|---|---|---|---|
| 001 | 617 | ||
| 003 | GE_BSU | ||
| 008 | 181216s||||||||xx |||||||||||||| ||und|| | ||
| 020 | _a9994038907 | ||
| 040 | _cGE_BSU | ||
| 080 | _a311(075.8) | ||
| 100 | _aკბილაძე,დავით | ||
| 245 | _aსოციალურ–ეკონომიკური სტატისტიკა | ||
| 245 | _cრედ.ბიკენტი გაბიძაშვილი | ||
| 260 | _aთბილისი | ||
| 260 | _bთბილისის უნივერსიტეტის გამ–ბა | ||
| 260 | _c2005 | ||
| 300 | _a303გვ. | ||
| 541 | _h8ლ. | ||
| 653 | _aსოციალურ–ეკონომიკური სტატისტიკა | ||
| 942 | _cBK | ||
| 999 |
_c34807 _d34807 |
||